| 000 | 00490nam a2200205Ia 4500 | ||
|---|---|---|---|
| 005 | 20250425162404.0 | ||
| 008 | 250425s9999 xx 000 0 und d | ||
| 041 | _aspa | ||
| 082 | _a301 | ||
| 245 | 0 | _aCAMPESINADO Y ESTRUCTURAS AGRARIAS EN AMERICA LATINA | |
| 250 | _a1A ED. | ||
| 260 |
_aEcuador _bCEPLAES _c1981 |
||
| 260 | _aS.L. | ||
| 300 | _a328 | ||
| 650 | _aAGROSISTEMAS | ||
| 650 | _aCAMPESINOS-AMERICA LATINA | ||
| 650 | _aSOCIOLOGIA | ||
| 942 | _c01 | ||
| 010 | _a68505 | ||
| 999 |
_c228231 _d228231 |
||